| 000 | 00805nam a2200253Ia 4500 | ||
|---|---|---|---|
| 003 | OSt | ||
| 005 | 20220918165534.0 | ||
| 006 | a|||||r|||| 00| 0 | ||
| 007 | ta | ||
| 008 | 220917b |||||||| |||| 00| 0 eng d | ||
| 020 |
_a8124605661 (pbk) _c295 |
||
| 024 | _a250,544 | ||
| 037 |
_bG-4506/10-11, 08/02/2011, Manohar Publisher &Distributors _cTextual |
||
| 040 |
_aARTS _cARTS _beng |
||
| 041 |
_2eng _aeng |
||
| 082 | _aO111,3N76,1, Q1 | ||
| 100 |
_aSubramony R _924652 |
||
| 245 | 0 |
_aParamahamsa _b A vedantric tale |
|
| 260 |
_aNew Delhi _bD. K. Printworld India _c2011 |
||
| 300 |
_axiv,202p. _ccm. |
||
| 650 | _aENGLISH LITERATURE | ||
| 942 |
_hO111,3N76,1, Q1 _cTEXL _2CC |
||
| 999 |
_c130260 _d130260 |
||